000 00434nam a2200181Ia 4500
001 12790
005 20260306163007.0
008 260306t2002||||xx |||||||||||||| ||spa||
041 _aESP
082 _aRD 320.03
_bCH517
100 _aChaname Orbe Raúl
_eAUT
245 0 _aDiccionario de ciencia política
260 _c2002
300 _a482 páginas :
_c24 cm.
650 _aGEN
654 _aCDE
942 _cDIC
_dJUS
_fJUS
_2ddc
_n
999 _c12790
_d12790